01413nam a22003617a 4500003000500000005001700005008004100022010000800063011000900071035000900080040000900089090001000098100003600108245018000144260003800324300001000362500001100372502010200383590003700485590004100522590004100563590004100604590004100645590004100686590004200727650004300769650004100812901000700853942001000860949004100870999001300911952012700924CHAP20220329132957.0971013s1989 r 00010 d a883 a1855 a1032 cCHAP aTesis00aCorona López, Marcelo.928112 aRespuesta a la fertilización nitrogenada de dos variedades de sorgo (Sorghum bicolor (L) Moench) de doble propósito, bajo condiciones de riego y temporal en Marín, N. L. aMarín, N. L. :bEl autor,c1989 a93 h. a39-108 aTesis (Ing. Agr. Fitotecnista) -- Universidad Autónoma de Nuevo León. Facultad de Agronomía aALEPHb10c20130110lUCH01h1206 aBATCH-UPDb10c20130110lUCH01h0011 aBATCH-UPDb10c20130110lUCH01h2205 aBATCH-UPDb10c20130409lUCH01h1948 aBATCH-UPDb10c20130410lUCH01h1510 aBATCH-UPDb10c20130914lUCH01h1109 aCONVERSIONb10c20130109lUCH01h130214aFertilizantesxEfecto en sorgo.94055114aNitrógenoxEfecto en sorgo.981461 aBK cTESIS bBCcTESd-10494eTS1h22886i1032si c883d883 00102local4051708TESISaBCbBCcPA_TESISd2019-12-31fTESISl0oTesisp-10494r2019-12-31 00:00:00w2019-12-31yTESIS